| Tag |
First Indicator |
Second Indicator |
Subfields |
| LEADER |
00000cam a2200000Ia 4500 |
| 001 |
in00001402890 |
| 005 |
20151020053054.0 |
| 008 |
810216s1962 xr a 000 1 cze d |
| 035 |
|
|
|a (OCoLC)07130009
|
| 035 |
|
|
|9 AHM6929AM
|
| 040 |
|
|
|a CLE
|c CLE
|d TXA
|d UtOrBLW
|
| 041 |
1 |
|
|a cze
|h fre
|
| 049 |
|
|
|a TXAM
|
| 090 |
|
|
|a PQ2469
|b .S7412 1962
|
| 100 |
1 |
|
|a Verne, Jules,
|d 1828-1905.
|
| 240 |
1 |
0 |
|a Sphinx des glaces.
|l Czech
|
| 245 |
1 |
0 |
|a Ledová sfinga /
|c Jules Verne ; [přeložila Anna Kučerova].
|
| 264 |
|
1 |
|a Praha :
|b Státni Nakladatelství Dětské Knihy,
|c 1962.
|
| 300 |
|
|
|a 356 pages :
|b illustrations ;
|c 24 cm.
|
| 336 |
|
|
|a text
|b txt
|2 rdacontent
|
| 337 |
|
|
|a unmediated
|b n
|2 rdamedia
|
| 338 |
|
|
|a volume
|b nc
|2 rdacarrier
|
| 490 |
1 |
|
|a Podivuhodné cesty ;
|v sv. 13
|
| 500 |
|
|
|a Translation of: Sphinx des glaces.
|
| 536 |
|
|
|a Donated by Mr. and Mrs. Peter Lampa.
|
| 830 |
|
0 |
|a Podivuhodné cesty ;
|v sv. 13.
|
| 948 |
|
|
|a cataloged
|b h
|c 2000/3/20
|d c
|e dchroust
|f 1:38:28 pm
|
| 994 |
|
|
|a E0
|b TXA
|
| 999 |
|
|
|a MARS
|
| 999 |
f |
f |
|s 8c489368-5537-385d-9e70-2c2e05bc7215
|i 2460d89d-87ae-3f60-9b2e-db1c16439c81
|t 0
|
| 952 |
f |
f |
|p noncirc
|a Texas A&M University
|b College Station
|c Cushing Memorial Library & Archives
|d Cushing: Science Fiction (Does not check out)
|t 0
|e PQ2469 .S7412 1962
|h Library of Congress classification
|i unmediated -- volume
|
| 998 |
f |
f |
|a PQ2469 .S7412 1962
|t 0
|l Cushing: Science Fiction (Does not check out)
|